| 000 | 00613nam a22002297a 4500 | ||
|---|---|---|---|
| 003 | UA-OsUOA | ||
| 001 | 48868 | ||
| 007 | ta | ||
| 008 | 20070912b un ||||| |||| 00| 0 ukr d | ||
| 100 | _aПетрунина Н.Н. | ||
| 090 |
_a821,161,1 _bП31 |
||
| 942 | _cBK | ||
| 040 |
_aUA-OsUOA _brus _cUA-OsUOA _dUA-OsUOA |
||
| 245 | _aНад страницами пушкина | ||
| 300 | _a150 с. | ||
| 955 | _a2 | ||
| 041 | _arus | ||
| 080 | _a821,161,1 | ||
| 260 |
_aЛенинград _bнаука _c1974 |
||
| 650 | 7 |
_a82 Література. Літературознавство _2UDC |
|
| 999 |
_c334989 _d334989 |
||